U.S. State Seals - Statistics

General Stats
  • This quiz has been taken 47 times
  • The average score is 25 of 50
Answer Stats
Picture Answer % Correct
Utah
92%
New York
81%
Alabama
78%
Louisiana
78%
Washington
75%
Kentucky
72%
Maryland
72%
California
67%
Illinois
67%
Hawaii
64%
Rhode Island
64%
Virginia
64%
Connecticut
61%
Oregon
61%
Michigan
58%
Maine
56%
Massachusetts
56%
Montana
56%
Florida
53%
Minnesota
50%
New Hampshire
50%
New Jersey
50%
New Mexico
50%
Texas
50%
West Virginia
50%
Arizona
47%
Georgia
47%
Idaho
47%
Missouri
47%
Oklahoma
47%
Wisconsin
47%
Delaware
42%
Kansas
42%
Nebraska
42%
Colorado
39%
Alaska
36%
South Carolina
36%
South Dakota
36%
Tennessee
36%
Wyoming
36%
Pennsylvania
33%
Vermont
33%
Nevada
31%
North Carolina
31%
Indiana
28%
North Dakota
28%
Arkansas
25%
Iowa
25%
Mississippi
25%
Ohio
19%
No matching quizzes found
Score Distribution
Percent of People with Each Score
Percentile by Number Answered
Your Score History
You have not taken this quiz